000 00984nam a22003017a 4500
001 5495
003 FISKH
005 20260304091144.0
008 241212b cb ||||| |||| 00| 0 eng d
020 _a9780805064834
040 _aFISKH
_beng
_cFISKH
_dFISKH
050 _aPZ8.L9485
082 _a398.2
100 _aLowell, Susan
_d(1950-)
245 _aLittle red cowboy hat /
_cSusan Lowell Illustrations by Randy Cecil
250 _aFirst edition in 2012
260 _aNew York :
_bSquare Fish,
_c2012.
300 _a26 pages :
_bcolor illustrations ;
_c28 cm
505 _aP
520 _aA Southwestern version of "Little Red Riding Hood" in which Little Red rides her pony Buck to Grandma's ranch with a jar of cactus jelly in the saddlbag. â–¾Members
521 8 _a600
_bLexile
521 8 _aP
_bRaz-Plus
650 _2Cowboys
_aSouthwest
650 _2Picture book
_aRetelling
700 _aCecil, Randy
_dIllustrator
942 _2ddc
_cBK
_n0
999 _c5495
_d5495